01428nam a2200241Ia 4500001000600000003000900006008004100015040001300056040001300069041001300082100001900095100002900114245006300143245006300206250001100269260001000280260000900290260004900299300005700348500072600405650002401131650003101155G9679IT-RoPAU130308s9999 xx 000 0 und d aIT-RoPAU cIT-RoPAU aFRANCESE aOllivier Bruno gCodice Aut. SPICS: 47278 aObserver la communication. Naissance d'une interdiscipline bObserver la Communication. Naissance d'une Interdiscipline a1a ed. aPARIS bCNRS c2000 [1° Ed.:2000 - Ed.Ling.Originale:2000] a"184 p. (prefazione: no ; testo: 184 [pagine: 0-0])" a"Osservare e comprendere la Comunicazione: Nascita di una Interdisciplina. Referenti Teorici: Comunicazione e Scienze della Comunicazione; Comunicazione Attraverso la Storia; regno della Linguistica; Grammatica Generativa e Comunicazione; Segno e triangolo Semiotico; immagine e Soggetto Recettore; Sociologia e Linguistica; Pragmatica, sistemi e Rappresentazioni. Osservare e Cercare: rottura Epistemologica; Oggetto di Ricerca e posizione del Ricercatore; Costruire dei Ponti: Strumenti Teorici di Origini Differenti; Rifiutare L'Idea Fissa; Senso e Potere; Cio' che Domina Il Contenuto: Il Racconto, la Retorica, L'Organizzazione: Rituali, Territori, Identità€. Conclusione: Terreni, campi e Territori. Bibliografia." aSAGGI DI SEMIOLOGIA eCodice materia Spics: 3257